Salud reproductiva y migración nicaragüense en Costa Rica 1999-2000. Encuesta Nacional de Salud Reproductiva: resultados. I parte: Salud y características reproductivas de la mujeres residentes en Costa Rica, 1999 /
Pretende dar una visión general del tipo de mujeres que se encuentran en edad reproductiva en Costa Rica y sus hogares. La caracterización de los hogares permite valorar un poco las condiciones en las que viven las mujeres. Doc/PAG
保存先:
| 共著者: | , |
|---|---|
| フォーマット: | 不明 |
| 出版事項: |
San José:
UCR. FCE. EE. PCP. UCR. INISA
|
| 主題: | |
| タグ: |
タグ追加
タグなし, このレコードへの初めてのタグを付けませんか!
|
MARC
| LEADER | 00000 a2200000 04500 | ||
|---|---|---|---|
| 001 | 19117 | ||
| 003 | |||
| 008 | 991231s d | ||
| 040 | |a CRAI/IIS |c CRAI/IIS | ||
| 090 | |a 145102 | ||
| 110 | |a Universidad de Costa Rica. Facultad de Ciencias Económicas. Escuela de Estadística. Programa Centroamericano de Población | ||
| 245 | |a Salud reproductiva y migración nicaragüense en Costa Rica 1999-2000. Encuesta Nacional de Salud Reproductiva: resultados. I parte: Salud y características reproductivas de la mujeres residentes en Costa Rica, 1999 / |c Universidad de Costa Rica. Facultad de Ciencias Económicas. Escuela de Estadística. Programa Centroamericano de Población | ||
| 260 | |a San José: |b UCR. FCE. EE. PCP. UCR. INISA | ||
| 300 | |a xii, 197 p. | ||
| 520 | |a Pretende dar una visión general del tipo de mujeres que se encuentran en edad reproductiva en Costa Rica y sus hogares. La caracterización de los hogares permite valorar un poco las condiciones en las que viven las mujeres. Doc/PAG | ||
| 650 | |a MUJERES | ||
| 650 | |a SALUD | ||
| 650 | |a SALUD MATERNOINFANTIL | ||
| 650 | |a FECUNDIDAD | ||
| 650 | |a HOGAR | ||
| 710 | |a Universidad de Costa Rica. Instituto de Investigaciones en Salud | ||
| 999 | |c 17035 |d 17035 | ||
